Statistics for T ile Başlayan Ülkeler

Click here to take the quiz!

General Stats

  • This quiz has been taken 708 times
  • The average score is 7 of 11

Answer Stats

HintÜlkeler% Correct
10Türkiye
96%
11Türkmenistan
80%
1Tacikistan
78%
8Tunus
70%
3Tayland
64%
2Tanzanya
60%
4Tayvan
59%
5Togo
48%
9Tuvalu
45%
6Tonga
44%
7Tobago
35%

Score Distribution

Percentile by Number Answered

Percent of People with Each Score

Your Score History

You have not taken this quiz